000 00560nam a2200181 4500
001 139971
003 ES-MaACL
005 20250526063008.0
007 t|
008 070214s1927 sp r ||||1| spa d
100 1 _aSchopenhauer, Arthur,
_d1788-1860
_9240710
245 1 3 _aEl mundo como voluntad y representación /
_cArthur Schopenhauer ; traducción de Eduardo Ovejero.
260 _aSantander :
_bAldus,
_c1927.
300 _a1207 p. ;
_c23 cm.
700 1 _aOvejero, Eduardo.
_987995
852 _aES-MaACL
_jA-4608
999 _c139971
_d139971